<?xml version='1.0' encoding='UTF-8'?>
  <record xmlns="http://www.loc.gov/MARC21/slim">
    <leader>00000ctm a2200000 i 4500</leader>
    <controlfield tag="001">on1107219805</controlfield>
    <controlfield tag="003">OCoLC</controlfield>
    <controlfield tag="005">20240312070015.8</controlfield>
    <controlfield tag="008">190703q15941600be            000 0 lat d</controlfield>
    <datafield tag="040" ind1=" " ind2=" ">
      <subfield code="a">QGJ</subfield>
      <subfield code="b">eng</subfield>
      <subfield code="e">rda</subfield>
      <subfield code="e">dcrmmss</subfield>
      <subfield code="c">QGJ</subfield>
      <subfield code="d">OCLCF</subfield>
      <subfield code="d">OCLCQ</subfield>
      <subfield code="d">OCLCO</subfield>
      <subfield code="d">OCLCL</subfield>
      <subfield code="d">QGJ</subfield>
    </datafield>
    <datafield tag="035" ind1=" " ind2=" ">
      <subfield code="a">(OCoLC)1107219805</subfield>
    </datafield>
    <datafield tag="100" ind1="1" ind2=" ">
      <subfield code="a">Lessius, Leonardus,</subfield>
      <subfield code="d">1554-1623,</subfield>
      <subfield code="e">author.</subfield>
      <subfield code="4">aut</subfield>
      <subfield code="1">https://id.oclc.org/worldcat/entity/E39PBJyRx4PydMqb9CtJw3WCcP</subfield>
    </datafield>
    <datafield tag="245" ind1="1" ind2="0">
      <subfield code="a">Commentarius R.P. Leonardi Lessii Brechtani Societatis Jhesu theologi in 2am 2ae D. Thomae Aquinatis partem omnium eorum quae ad virtutes et vitia totamque moralem disciplinam pertinent explicationem continens :</subfield>
      <subfield code="k">lecture notes /</subfield>
      <subfield code="c">[scriptus a Philippo Rovenio],</subfield>
      <subfield code="f">UBU Hs. 439 (Hs 6 G 7).</subfield>
    </datafield>
    <datafield tag="246" ind1="3" ind2=" ">
      <subfield code="a">Commentarivs R.P. Leonardi Lessii Brechtani Societatis Jhesu theologi in 2am 2ae D. Thomae Aquinatis partem</subfield>
    </datafield>
    <datafield tag="246" ind1="3" ind2=" ">
      <subfield code="a">Commentarius in Secundam Secundae D. Thomae Aquinatis partem</subfield>
    </datafield>
    <datafield tag="264" ind1=" " ind2="0">
      <subfield code="a">[Louvain],</subfield>
      <subfield code="c">{between approximately 1594 and 1600]</subfield>
    </datafield>
    <datafield tag="300" ind1=" " ind2=" ">
      <subfield code="a">8, 175, 1, 170, 43 leaves ;</subfield>
      <subfield code="c">312 x 195 mm</subfield>
    </datafield>
    <datafield tag="336" ind1=" " ind2=" ">
      <subfield code="a">text</subfield>
      <subfield code="b">txt</subfield>
      <subfield code="2">rdacontent</subfield>
    </datafield>
    <datafield tag="337" ind1=" " ind2=" ">
      <subfield code="a">unmediated</subfield>
      <subfield code="b">n</subfield>
      <subfield code="2">rdamedia</subfield>
    </datafield>
    <datafield tag="338" ind1=" " ind2=" ">
      <subfield code="a">volume</subfield>
      <subfield code="b">nc</subfield>
      <subfield code="2">rdacarrier</subfield>
    </datafield>
    <datafield tag="340" ind1=" " ind2=" ">
      <subfield code="a">paper</subfield>
      <subfield code="2">rdamat</subfield>
    </datafield>
    <datafield tag="500" ind1=" " ind2=" ">
      <subfield code="a">With Ex Libris of Rovenius, drawn by hand.</subfield>
    </datafield>
    <datafield tag="505" ind1="0" ind2="0">
      <subfield code="g">fol. 10-184:</subfield>
      <subfield code="t">Commentarius in Secundam Secundae D. Thomae Aquinatis /</subfield>
      <subfield code="r">Leonardus Lessius Brechtanus --</subfield>
      <subfield code="g">fol. 186-355:</subfield>
      <subfield code="t">Tractatus de justitia et jure /</subfield>
      <subfield code="r">authore R.P. Leonardo Brechtano Societatis Jhesu theologo --</subfield>
      <subfield code="g">fol. 1b-9, 184b-185, 355-398:</subfield>
      <subfield code="t">Sententiae et conclusiones theologicae secundum ordinem D. Thomae in Summa observationum congestae, ex ipso D. thoma et commentationibus eius.</subfield>
    </datafield>
    <datafield tag="524" ind1="8" ind2=" ">
      <subfield code="a">Cite as: Universiteitsbibliotheek Utrecht Hs. 439 (Hs 6 G 7).</subfield>
    </datafield>
    <datafield tag="541" ind1=" " ind2=" ">
      <subfield code="a">Rovenius library;</subfield>
      <subfield code="c">Gift;</subfield>
      <subfield code="d">1641</subfield>
    </datafield>
    <datafield tag="561" ind1=" " ind2=" ">
      <subfield code="a">Donated in 1641 from the Rovenius library, confiscated in Utrecht in 1639.</subfield>
    </datafield>
    <datafield tag="581" ind1=" " ind2=" ">
      <subfield code="a">P.A. Tiele, Catalogus codicum manu scriptorum Bibliothecae Universitatis Rheno-Trajectinae. I. Trajecti ad Rhenum / Hagae Comitis 1887. P. 145.</subfield>
    </datafield>
    <datafield tag="563" ind1=" " ind2=" ">
      <subfield code="a">Parchment binding over pasteboards (bifolium from a 15th century manuscript containing a liturgical work with plainsong notes.</subfield>
    </datafield>
    <datafield tag="563" ind1=" " ind2=" ">
      <subfield code="a">Added in envelope attached to binding: several fragments of manuscript waste in different hands.</subfield>
    </datafield>
    <datafield tag="581" ind1=" " ind2=" ">
      <subfield code="a">K. van der Horst, Catalogus van de collectie collegedictaten van de Utrechtse Universiteitsbibliotheek. Utrecht 1994. (= Inventarissen van de afdeling Handschriften van de Universiteitsbibliotheek Utrecht 4). p. 305.</subfield>
    </datafield>
    <datafield tag="581" ind1=" " ind2=" ">
      <subfield code="a">T. van Houdt, 'Etische Überlegungen und wirtschaftliche Analyse in Lessius' "De iustitia et iure"'. in: L. Lessius, De iustitia et iure: Vademecum zu einem klassiker der spätscholastischen Wirtschaftanalyse. Hrsg. von B. Schefold. Düsseldorf 1999, p. 62-101. p. 62-101 (fol. 1r, 186r)</subfield>
    </datafield>
    <datafield tag="600" ind1="0" ind2="0">
      <subfield code="a">Thomas,</subfield>
      <subfield code="c">Aquinas, Saint,</subfield>
      <subfield code="d">1225?-1274.</subfield>
      <subfield code="t">Summa theologica.</subfield>
      <subfield code="n">Secunda secundae</subfield>
      <subfield code="v">Commentaries.</subfield>
    </datafield>
    <datafield tag="630" ind1="0" ind2="7">
      <subfield code="a">Summa theologica (Thomas, Aquinas, Saint)</subfield>
      <subfield code="2">fast</subfield>
    </datafield>
    <datafield tag="655" ind1=" " ind2="7">
      <subfield code="a">Commentaries</subfield>
      <subfield code="2">fast</subfield>
    </datafield>
    <datafield tag="700" ind1="1" ind2=" ">
      <subfield code="a">Rovenius, Philippus,</subfield>
      <subfield code="d">1573?-1651,</subfield>
      <subfield code="e">scribe,</subfield>
      <subfield code="e">former owner.</subfield>
      <subfield code="4">scr</subfield>
      <subfield code="4">fmo</subfield>
      <subfield code="1">https://id.oclc.org/worldcat/entity/E39PBJjXgJXdhQYrtCjkT7RR8C</subfield>
    </datafield>
    <datafield tag="700" ind1="1" ind2=" ">
      <subfield code="i">Abridgement of (work):</subfield>
      <subfield code="a">Lessius, Leonardus,</subfield>
      <subfield code="d">1554-1623.</subfield>
      <subfield code="t">De iustitia et iure caeterisque virtutibus cardinalibus.</subfield>
    </datafield>
    <datafield tag="710" ind1="2" ind2=" ">
      <subfield code="a">Universiteit Utrecht.</subfield>
      <subfield code="b">Bibliotheek.</subfield>
      <subfield code="k">Manuscript</subfield>
      <subfield code="n">(Hs 439 (Hs 6 G 7th))</subfield>
    </datafield>
    <datafield tag="758" ind1=" " ind2=" ">
      <subfield code="i">has work:</subfield>
      <subfield code="a">Commentarius R.P. Leonardi Lessii Brechtani Societatis Jhesu theologi in 2am 2ae D. Thomae Aquinatis partem omnium eorum quae ad virtutes et vitia totamque moralem disciplinam pertinent explicationem continens UBU Hs. 439 (Hs 6 G 7) lecture notes (Text)</subfield>
      <subfield code="1">https://id.oclc.org/worldcat/entity/E39PCFJ47dDyq7dgqmG3jrXJH3</subfield>
      <subfield code="4">https://id.oclc.org/worldcat/ontology/hasWork</subfield>
    </datafield>
  </record>